Normal view
MARC view
- Transmission lines and networks
Entry Topical Term
001 - CONTROL NUMBER
- control field: 102330
003 - CONTROL NUMBER IDENTIFIER
- control field: NUST
005 - DATE AND TIME OF LATEST TRANSACTION
- control field: 20221103141238.0
008 - FIXED-LENGTH DATA ELEMENTS
- fixed length control field: 221103|| aca||aabn | a|a d
040 ## - CATALOGING SOURCE
- Original cataloging agency: NUST
- Transcribing agency: NUST
150 ## - HEADING--TOPICAL TERM
- Topical term or geographic name entry element: Transmission lines and networks
670 ## - SOURCE DATA FOUND
- Source citation: Work cat.: (NUST)180893: Johnson, Walter C. 41430, Transmission lines and networks, 1950
